[Event "Biel Credit Suisse"]
[Site "Biel"]
[Date "1997.07.23"]
[Round "3"]
[White "Karpov, Anatoly"]
[Black "Lautier, Joel"]
[Result "1-0"]
[WhiteElo "2745"]
[BlackElo "2660"]
[Annotator "Ribli,Zoltan"]
[PlyCount "79"]
[EventDate "1997.07.20"]
[EventType "tourn"]
[EventRounds "10"]
[EventCountry "SUI"]
[EventCategory "17"]
[SourceTitle "CBM 060"]
[Source "ChessBase"]
[SourceDate "1997.09.29"]
[SourceVersion "1"]
[SourceVersionDate "1997.09.29"]
[SourceQuality "1"]

1. d4 {Ftacnik,Lubomir Karpov} Nf6 2. c4 e6 3. Nf3 d5 4. Nc3 dxc4 5. e4 (5. Qa4+ Nbd7 6. e4 a6 7. Bf4 b5 8. Nxb5 axb5 9. Qxa8 Bb4+ 10. Bd2 Nb6 11. Qc6+ Bd7 12. Qb7 Bc8 13. Qc6+ Bd7 {Und hier wurde Remis gegeben. Karpov-Polgar,J.Dortmund 1997.}) 5... Bb4 {Das ist die sogenannte Wiener Variante, die ein Spiel mit verteilten Chancen gibt} 6. Bg5 c5 7. Bxc4 cxd4 8. Nxd4 Bxc3+ 9. bxc3 Qa5 {Weiß hat Entwicklungsvorteil, aber er hat strukturelle Schwächen. Nach meiner Meinung ist die ganze Variante verdächtig für Schwarz, funktioniert aber gut in der Turnierpraxis.} 10. Nb5 {Das ist Karpovs Lieblingsvariante. Er hat das schon zwei Mal gegen Timman ausprobiert in dem vorletzten FIDE-WM Wettkampf.} (10. Bb5+ $5) ({RR} 10. Bb5+) 10... Nxe4 (10... Bd7 11. Nd6+ Ke7 12. Qd2 Bc6 13. f4 Nbd7 14. Rd1 $1 ({RR} 14. O-O-O Kf8) 14... Rhd8 15. Qd4 $1 h6 16. Bh4 Qh5 ({RR} 16... g5) 17. Bf2 Kf8 18. e5 {1-0 Karpov,A-Timman,J/FIDE-Wch 1993 (32)} {RR} Ng4 ({RR} 18... Ne8) 19. Be2) (10... O-O 11. Bxf6 gxf6 12. Qg4+ Kh8 13. Qh4 Nd7 14. Rd1 a6 15. Rd3 $1 {Razuvajev,Y-Drasko,M/Protvino/1988/}) (10... a6 11. Nd6+ Ke7 12. Bf4 (12. Qd2 Nc6 13. Rd1 $5 Rd8 14. O-O Qc5 $1 (14... h6) 15. e5 Qxe5 16. Bf4 Qc5 17. Qb2 (17. Qe2 Na5 18. Be5 Rd7 19. Nf5+ Kd8 20. Nxg7 Nxc4 21. Bxf6+ Kc7 22. Bd4 Qc6 23. Ne8+ {½-½ Naumann,F-Wegner,H/Hamburg Wichern op 1993 (41)}) 17... b5 $1 18. Be3 Qe5 19. Qa3 Ng4 $3 20. Bg5+ $1 $8 Qxg5 21. Nxc8+ Kf6 22. Rxd8 Nxd8 23. Nb6 $1 {Kuzmin,A-Akopian,V/USSR (ch)/1991/0.5 (52)}) ({RR} 12. Bf4 Nc6 13. Qb3 Nd4 14. Nxc8+ Kf8 15. Qb2 Rxc8 16. O-O Nf3+ 17. gxf3 Rxc4 18. Qxb7 g5 19. Bd6+ Kg7 20. Bb4) 12... Nc6 13. Qb3 Nd4 14. Nxc8+ Kf8 15. Qb2 Rxc8 16. O-O Nf3+ 17. gxf3 Rxc4 18. Qxb7 {1-0 Podgaets,M-Maljutin,E/Alushta op 1993 (42)}) ({RR} 10... Bd7 11. Nd6+ Ke7 12. Qd2 Bc6 13. f4 Nbd7 14. Rd1 Rhd8 15. Qd4 h6 16. Bh4 Qh5 17. Bf2 Kf8 18. e5 Nd5 19. O-O Qg4 20. h3 Qh5 ({RR} 20... Qxf4 21. Nxf7 Qxf7 22. Bxd5 Bxd5 23. Bh4 Nf6 24. Bxf6) 21. f5) ({RR} 10... O-O 11. Bxf6 gxf6 12. Qg4+ Kh8 13. Qh4 Nd7 14. Rd1 a6 15. Rd3 Rg8 16. Nd6 Rg7 17. Rg3 Kg8 18. O-O Rxg3 19. Qxg3+ Qg5 20. Qd3 b5 21. Bxe6 fxe6 22. Nxc8 Qg7 23. Nd6 Ne5 24. Qe3) ({RR} 10... a6 11. Nd6+ Ke7 12. Qd2 Nc6 13. Rd1 Rd8 14. O-O ({RR} 14. f4) 14... Qc5 ({RR} 14... h6 15. Bxf6+ gxf6 16. Be2 Qc5 17. Nxc8+ Raxc8 18. Qb2 Na5 19. Rxd8 Rxd8 20. g3 Rd7 21. Rc1 Nc6 22. Kg2 Kf8 23. h4 Kg7 24. Rc2 Qe5 25. Bf3 Qc5) 15. e5 Qxe5 16. Bf4 Qc5 17. Qb2 ({RR} 17. Qe2 Na5 18. Be5 Rd7 19. Nf5+ Kd8 20. Nxg7 Nxc4 21. Bxf6+ Kc7 22. Bd4 Qc6 23. Ne8+ Kb8 24. Nf6 Re7) 17... b5 18. Be3 Qe5 19. Qa3 Ng4 20. Bg5+ ({RR} 20. Nxc8+ Kf6 21. Bg5+ Kg6 22. g3 Rxd1 23. Rxd1 bxc4) ({RR} 20. Ne4+ b4 21. Bc5+ Qxc5) 20... Qxg5 ({RR} 20... f6 21. Nxc8+ Kf7 22. Nd6+ Kg6 23. Bd3+ Kh5 24. g3 fxg5 25. Nf7) ({RR} 20... Kf8 21. f4 Qe3+ 22. Kh1 b4 23. Qa4 Rxd6 24. Rxd6 Nf2+ 25. Rxf2 Qxf2 26. h3 Bb7 27. Rxc6 Kg8 28. Bxa6 h6 29. Qb5 Bxa6 30. Rxa6 Rxa6 31. Qxa6 bxc3 32. Qc8+ Kh7 33. Qxc3 hxg5 34. fxg5 Qxa2) 21. Nxc8+ Kf6 ({RR} 21... Ke8 22. Nd6+ Kf8 23. Nb7+ b4 24. Rxd8+ Nxd8 25. Qxb4+) 22. Rxd8 Nxd8 ({RR} 22... bxc4 23. Qd6 Nxd8 24. Qxd8+ Kg6 25. Ne7+) ({RR} 22... Qe5 23. Qd6) 23. Nb6) 11. Bf4 (11. Qd4 O-O $1 ({RR} 11... Nxg5 12. Qxg7 Rf8 13. Qxg5 Nc6 14. Rd1) 12. Qxe4 a6 13. Be7 ({RR} 13. Bd3 f5 14. Qb4 ({RR} 14. Qe2 axb5 15. O-O Nc6 16. Bd2) 14... axb5 15. Qxa5 Rxa5 16. Be7 Re8 17. Bb4 Ra8 18. Bxb5 Nc6) 13... axb5 14. Bb4 {½-½ Karpov,A-Timman,J/FIDE-Wch 1993 (27)} ({RR} 14. Bxf8 Qxc3+ 15. Ke2 bxc4 16. Bd6 Nc6)) ({RR} 11. Qd4 O-O 12. Qxe4 a6 13. Be7 axb5 14. Bb4 Qc7 15. Bxb5 ({RR} 15. Bxf8 Kxf8 16. Bd3 Qxc3+ 17. Ke2 Qb2+) 15... Bd7 16. Bd3 g6 17. O-O ({RR} 17. Bxf8 Qxc3+ 18. Ke2 Qb2+ 19. Ke3 Ra4) 17... Re8 18. Qe3 ({RR} 18. c4 Nc6 19. Bc3 e5) 18... Nc6 19. Bc5 Ne7 20. Be4 Nf5 21. Bxf5 exf5 22. Qd4 Re4 23. Qd6 Qxd6 24. Bxd6) 11... O-O 12. O-O ({RR} 12. Qf3 a6 13. Nc7 e5 14. Nxa8 exf4 15. Rc1 Qe5 16. Qe2 f3 17. gxf3 Qg5 18. Qe3 Qg2 19. Ke2 Bg4 20. Rhg1 Bxf3+ 21. Qxf3 Nxc3+ 22. Rxc3 Qxg1 23. Re3 Nd7 24. Nb6) 12... Bd7 (12... Nd7 $1 13. Nc7 $6 (13. Re1 $44) 13... e5 ({RR} 13... Rb8 14. Nxe6) 14. Nxa8 exf4 15. Bd5 ({RR} 15. Qf3 Nd2 16. Qxf4 Nxf1 17. Rxf1 Ne5 18. Re1 Nxc4 19. Qxc4 Be6 20. Qc7 Qa6) 15... Ndf6 (15... Nxc3 $2 16. Qd2) (15... Nef6 $5) ({RR} 15... Nef6 16. c4 Nc5 17. Qe1 Qxe1 18. Rfxe1 Bd7 19. Nc7 Rc8 20. Nb5 Bxb5 21. cxb5 Nxd5 22. Rac1 b6) 16. Bxe4 Nxe4 {Karpov,A-Timman,J/FIDE-Wch 1993/1-0 (53)} {RR} 17. Re1 Bf5 18. Qd4 Rxa8 19. Rxe4 Bxe4 20. Qxe4 Qxc3 21. Rb1 Rc8 22. Qxf4 b6) (12... Nc6 13. Bc7 $1 b6 14. Qf3 $36) ({RR} 12... Nd7 13. Nc7 e5 14. Nxa8 exf4 15. Bd5 Ndf6 16. Bxe4 Nxe4 17. f3 Nxc3 ({RR} 17... Rd8 18. Qe1 Qc5+ 19. Kh1 Nf6 20. Qf2 Qxf2 21. Rxf2 Bd7 22. Rb2 Rxa8 23. Rxb7) 18. Qd6 Nd5 ({RR} 18... Be6 19. Nc7 Bxa2 20. Rfe1 Qb6+ 21. Qxb6 axb6 22. Kf2) ({RR} 18... Rd8 19. Qc7 Qxc7 20. Nxc7 Bd7 21. a4) 19. Rfc1 Be6 ({RR} 19... Ne3 20. Qxf4 Qd2 21. Qg3) 20. Nc7 Nxc7 21. Qxc7) ({RR} 12... Nc6 13. Bc7 b6 14. Qf3) 13. a4 {Weiß stabilisiert seine Springerstellung auf b5, und in einigen Varianten leidet die schwarze Dame an Felderarmut.} (13. Nc7 e5 14. Nxa8 exf4 15. Qd5 Nc5 $13 {[%csl Ra8]} (15... Qxd5 16. Bxd5 Nd6 (16... Nxc3 17. Bxb7) 17. Rfd1 {[%cal Gd1d7]} (17. Nc7 Rc8)) (15... Nc5 $1 {Karpov} 16. Bb5 $140 Rc8 {× a8})) 13... Bc6 (13... Nxc3 14. Nxc3 (14. Qd2 $6 Bxb5 15. axb5 Qb4 16. Bd6 Ne2+ $1 (16... Qxc4 17. Bxf8) 17. Qxe2 Qxd6 $17) 14... Qxc3 15. Rc1 (15. Bxb8 Qxc4 (15... Raxb8 16. Rc1 (16. Qxd7 Qxc4))) 15... Qa5 (15... Qb4 16. Bxb8 (16. Bd6 Qxa4 17. Bxf8 Kxf8 $15) 16... Bxa4 17. Qd6 Qxd6 18. Bxd6) 16. Bxb8 Bxa4 17. Bc7 (17. Ra1 b5 18. Bg3 Bxd1 (18... bxc4 19. Qxa4 $16) 19. Rxa5 $16)) (13... Bxb5 $2 {Karpov} 14. axb5 Qxc3 15. Qe2 $1 Qd4 (15... Nf6 $16) (15... Nc5 $2 16. Be5 Qb4 17. Rfb1 $18) 16. Rfd1 $18) ({RR} 13... Bxb5 14. axb5 Qxc3 15. Qe2) 14. Qg4 { h6, e5} (14. Qd4 {Karpov} Na6 { ad8}) (14. Be5 {Karpov} Nd7 15. Bc7 b6 $13) 14... Nf6 (14... Nd7 15. Bh6 $16) 15. Qe2 $44 {Weiß hat das Läuferpaar, lebendiges Figurenspiel, aber Schwarz hat keine besondere Schwächen, obwohl seine Dame passiv steht.} a6 (15... Nbd7 $5 16. Bc7 {Weiß muß konkrete Drohungen suchen, sonst hat Schwarz eine gute Stellung..} b6 (16... Nb6 17. Bd6 Rfd8 18. Bb4 (18. Bd3 Bxb5 19. axb5 Qxc3) 18... Qa6 19. Bd3 (19. Nc7 Qxc4 $19) 19... Nxa4 (19... Rxd3 20. Qxd3 Nxa4 21. c4) 20. Nd4 b5 (20... Qb6 21. Nxc6 Qxc6 22. Bb5 Nxc3) 21. Nxc6 Qxc6 22. Bxb5 Nxc3) (16... Qa6 $2 17. Nd6 $18) 17. Bd6 {[%csl Ra5] Und Weiß droht 18.b4 nebst 19.c7.}) (15... Na6 {Karpov} 16. Be5 Nd7 17. Bd6 $36) ({RR} 15... Nbd7 16. Bd6 Rfc8 17. Bb4 Qd8 18. Nd6 Rc7 19. Nxf7) 16. Nc7 Ra7 17. Qe3 b6 (17... e5 {Karpov} 18. Qxa7 (18. Qxe5 Qxe5 19. Bxe5 $16) 18... exf4 19. Nb5 $16) {} 18. Nxe6 $1 Nd5 (18... fxe6 19. Bxb8 Rxb8 20. Qxe6+ Kh8 21. Qxc6 Qxc3 $14 {Weiß hat eine aktive Stellung, und die schwarze Königsstellung ist ein wenig geschwächt.}) (18... Re7 {Karpov} 19. Bd6 $1 Nd5 20. Qg3 fxe6 (20... Rxe6 21. Bxf8 Rg6 (21... Kxf8 22. Qxb8+) 22. Qxb8 Rxg2+ 23. Kh1 $1 $18 (23. Kxg2 $4 Nf4+ 24. Kg3 Qg5#)) 21. Bxd5 $1 $18) ({RR} 18... fxe6 19. Bxb8 Rxb8 20. Qxe6+ Kh8 21. Qxc6) 19. Qg3 fxe6 20. Bxb8 $14 {Weiß hat das Läuferpaar und einige Drohungen am Königsflügel. Die schwarze Dame spielt eine passive Rolle auf a5.} Raf7 $146 21. Bd6 {[%csl Gd6]} Re8 (21... Rc8 {Karpov} 22. Bb4 $1 Nxb4 23. cxb4 Qf5 (23... Qxb4 24. Bxe6) 24. Bxa6 Ra8 25. Bd3 Qf4 26. Qh3 $18) 22. Rfe1 {[%cal Ge1e7,Ge1e8]} Kh8 (22... Qxc3 $2 23. Qxc3 Nxc3 24. Bxe6 $16) 23. Be5 {Weiß steht aktiver. Er ist besonders stark auf den schwarzen Felden.} Nf6 24. Bd4 (24. Bd3 $5 {Karpov} Nh5 $6 (24... Qd5 25. c4) 25. Qh4 Qd5 26. Be4 $1) 24... Ne4 25. Qh4 Nd6 (25... Nxc3 26. Bd3 {[%cal Rd4h8,Rd3h7,Rh4h7]} h6 27. Qxh6+ $18) 26. Bd3 (26. Re5 $142 $1 {Karpov} Nxc4 27. Rxa5 bxa5 28. Re1 (28. Bxg7+ $2 Rxg7 {× g2}) 28... Bd5 29. f3 $18) 26... Nf5 $8 (26... h6 27. Qxh6+ $18) 27. Qh5 Kg8 28. Re5 {[%csl Ge5]} b5 29. Rae1 (29. Bxf5 exf5 30. Rxf5 {Weiß hat einen Bauern mehr, aber auf dem Brett gibt es ungleichfarbige Läufer, und Schwarz hat eine aktive Stellung. Karpov versteht es, den positionellen Druck zu erhöhen.} (30. Rxe8+ {Karpov} Bxe8 31. Qe2 $14 (31. Re1 $2 Re7))) 29... g6 (29... Qxa4 $2 30. Bxf5 Rxf5 31. Rxf5 g6 (31... exf5 32. Rxe8+ $18) 32. Qh6) 30. Qe2 Nxd4 31. cxd4 Qd8 (31... Ref8 $142 $5 {Karpov}) 32. axb5 axb5 (32... Bxb5 33. Bxb5 axb5 34. d5 (34. Rxb5 Qxd4 {Weiss hat bessere Bauernstellung,aber dieser Vorteil ist wenig.Ribli.}) (34. Rxe6 Ref8 {[%csl Rf2]}) (34. Rd1 {[%csl Rb5,Re6]} b4 35. Rxe6 $16) 34... Ref8 35. dxe6 Rxf2 36. Qxb5 $16) 33. Qe3 Ref8 34. Re2 $5 {Karpov schwächt nicht die Bauern am Königsflügel.} (34. f3 Rf4 (34... Bxf3 $1 {Karpov} 35. gxf3 Rxf3 36. Qe2 (36. Qe4 R8f4) 36... Qxd4+ 37. Re3 b4 $11)) 34... Rf4 35. Rxe6 (35. Be4 $14 {Karpov}) 35... Rxd4 (35... Qd5 36. f3 Rxd4 37. Bc2 $16 {[%cal Gc2b3,Gb3g8]}) 36. Bc2 {Das Material ist reduziert, aber es gibt noch Feinheiten auf dem Brett.Weiß kontrolliert das Feld d1 mit dem Läufer und droht 37.b3.} Rd6 $2 {Fehler in schlechter Stellung - und in Zeitnot?} (36... Rf6 37. Re7 $5 $40 (37. Bb3 Rxe6 38. Qxe6+ Kg7 39. Qe5+ (39. Qxc6 $2 Rd1+ 40. Bxd1 Qxd1+ $19) 39... Kh6 (39... Qf6 $2 40. Qxf6+ Kxf6 41. Re6+ $18) 40. Re3 Rd3 (40... Rd1+ $2 41. Bxd1 Qxd1+ 42. Re1) 41. h4 (41. Qf4+ Kg7 (41... g5 $2 42. Re6+ $18)) 41... Rxe3 42. Qxe3+ Kg7 43. Qc3+ Qf6)) 37. Bb3 $18 Kh8 (37... Kg7 38. Re7+ (38. Qc3+ Rf6 39. Rxd6 Qxd6 40. Re6 Qf4 41. f3 $16) 38... Kh8 39. Qc3+ (39. Rd2 $1 $18) (39. h3 {Karpov  40.h6+-}) (39. Qh6 $2 Rf7 $3 40. Bxf7 Qxe7 $1) 39... Rff6 40. R2e6 $18) 38. Qc3+ Rf6 39. Rxd6 Qxd6 40. Re6 {Und Schwarz muß aufgeben, da er keinen Zug mehr hat.} 1-0

[Event "World Cup"]
[Site "Skelleftea"]
[Date "1989.08.??"]
[Round "13"]
[White "Karpov, Anatoly"]
[Black "Huebner, Robert"]
[Result "1/2-1/2"]
[WhiteElo "2755"]
[BlackElo "2605"]
[Annotator "Bulletin"]
[PlyCount "59"]
[EventDate "1989.08.??"]
[EventType "tourn"]
[EventRounds "15"]
[EventCountry "SWE"]
[EventCategory "16"]
[SourceTitle "CBM 014"]
[Source "ChessBase"]
[SourceDate "1990.02.01"]
[SourceVersion "1"]
[SourceVersionDate "1990.02.01"]
[SourceQuality "1"]

1. d4 {Ftacnik,Lubomir} Nf6 2. c4 e6 3. Nf3 d5 4. Nc3 dxc4 5. e4 Bb4 6. Bg5 c5 7. Bxc4 cxd4 8. Nxd4 Bxc3+ 9. bxc3 Qa5 10. Bxf6 Qxc3+ 11. Kf1 gxf6 12. Rc1 Qa5 13. h4 Nc6 14. Nxc6 bxc6 15. Rh3 Ke7 16. Rd3 Rd8 17. Rxd8 Qxd8 18. Qh5 Qd4 19. Qxh7 {'?!' Bulletin.} (19. Kg1 $5 Rb8 $6 (19... c5 $5 20. Be2 Rb8 21. Qxc5+ Qxc5 22. Rxc5 Bd7 23. Bd3 Rb4 24. Rh5 Rd4 25. Bc2 Rc4 26. Bb3 Rxe4 {Cebalo,M-Govedarica,R/Belfort op/1989/0-1/53/}) 20. Bb3 Bd7 $2 (20... Rb4 $5 21. Rxc6 (21. Qxh7 Qxe4 22. Qxe4 Rxe4 23. Rxc6 Bd7 24. Rc4 f5 25. Rxe4 fxe4 26. g4 f6 $10 {Khenkin,I-Yakovich,V/Podolsk GMA-qual/1989/½-½/56/}) 21... Bd7 22. Rc7 Qd6 23. Rxa7 Rxe4 24. Qa5 Re5 25. Qc3 Qb6 26. Rc7 Rf5 27. Qg3 Qb4 28. Qc3 Qb6 $10 {Dreev,A-udasin,L/URS-FL Simferopol/1988/37/  CBM11}) (20... Qxe4 21. Qc5+ Ke8 22. Qxa7 $13 Rb7 23. Qa8 Rc7 24. Ba4 Kf8 25. Bxc6 Qb4 26. Rd1 Kg7 27. g3 Qb6 28. Bf3 Rc2 29. Rf1 Ba6 30. Be4 Rc8 {0-1; Shabtai,R-Flear,G/Tel Aviv/1989/}) 21. Rd1 Qe5 22. Qxh7 Be8 (22... Rb4 $2 23. Rxd7+ Kxd7 24. Qxf7+ Kd8 25. Qf8+ $19) (22... c5 $5 23. Rxd7+ Kxd7 24. Qxf7+ Kd6 25. Qxa7 Qa1+ 26. Kh2 Rxb3 27. Qa6+ Kc7 28. Qa5+ Kc6 29. Qa8+ Rb7 {Vegh,E-Schoen,W/Budapest Elekes/0-1/}) 23. Qh6 $1 Qxe4 24. Qd2 Qb4 25. Qd3 $16 {h-Bauer}) 19... Rb8 (19... c5 $1 $15 { 20...b7}) 20. Bb3 Ba6+ 21. Kg1 Bd3 22. Qg7 Bxe4 23. Qg3 $146 {'!' Bulletin.} ({RR} 23. Qg4 Rd8 24. Rd1 Qe5 25. Rxd8 Kxd8 26. h5 Ke7 27. f3 ({RR} 27. h6) 27... Bd3 28. Kf2 c5 29. Qa4 a6 30. Qa5 Qd4+ 31. Kg3 Qd6+ 32. f4 c4 33. Bd1 e5 34. Bg4 exf4+ 35. Kh3 f5 36. Bf3 Kf6 37. Qe1 Kg7 {Tunik,G (2470)-Vyzmanavin,A (2555) Gorky 1989 CBM 016 [Ftacnik,Lubomir] 0-1 (58)}) 23... Rh8 {Bulletin: '23...d8'} 24. Rc4 Qa1+ 25. Kh2 f5 26. Ra4 Ra8 27. Qc7+ Kf6 28. Qg3 Ke7 29. Qc7+ Kf6 30. Qg3 1/2-1/2

[Event "FIDE-Wch"]
[Site "NED/INA"]
[Date "1993.??.??"]
[Round "6"]
[White "Karpov, Anatoly"]
[Black "Timman, Jan H"]
[Result "1-0"]
[WhiteElo "2760"]
[BlackElo "2620"]
[Annotator "Ftacnik,Lubomir"]
[PlyCount "65"]
[EventDate "1993.09.??"]
[EventType "match"]
[EventRounds "21"]
[EventCountry "NED"]
[SourceTitle "CBM 036"]
[Source "ChessBase"]
[SourceDate "1993.10.01"]
[SourceVersion "1"]
[SourceVersionDate "1993.10.01"]
[SourceQuality "1"]

1. d4 {Ribli,Zoltan Lupulescu,Constantin} Nf6 2. c4 e6 3. Nf3 d5 4. Nc3 dxc4 5. e4 Bb4 6. Bg5 c5 7. Bxc4 cxd4 8. Nxd4 Bxc3+ 9. bxc3 Qa5 10. Nb5 $5 ({RR} 10. Bd2 O-O 11. Qe2 e5 12. Nb3 Qc7) ({RR} 10. Bb5+) 10... Bd7 $146 (10... O-O 11. Bxf6 gxf6 12. Qg4+ Kh8 13. Qh4 Nd7 14. Rd1 a6 15. Rd3 $1 {Razuvajev,Y-Drasko,M/Protvino/1988/}) (10... a6 11. Nd6+ Ke7 12. Qd2 Nc6 13. Rd1 $5 Rd8 14. O-O (14. f4 $5) 14... Qc5 $1 (14... h6 $5) 15. e5 Qxe5 16. Bf4 Qc5 17. Qb2 b5 $1 18. Be3 Qe5 19. Qa3 Ng4 $3 {Kuzmin,A-Akopian,V/URS-ch/1991/}) ({RR} 10... Nxe4 11. Qd4 ({RR} 11. Qd4 O-O 12. Qxe4 a6 13. Be7 axb5 14. Bb4 Qc7 15. Bxb5 Bd7 16. Bd3 g6 17. O-O Re8 18. Qe3 Nc6 19. Bc5 Ne7 20. Be4 Nf5 21. Bxf5 exf5 22. Qd4 Re4) 11... O-O 12. Qxe4 a6 13. O-O ({RR} 13. Bd3 f5 14. Qe2 axb5) 13... axb5 14. Bd3 f5 15. Qe2 Nc6 ({RR} 15... Bd7) 16. Bd2 Qc7 ({RR} 16... e5 17. Bxb5 Be6 18. a4 Qc7) 17. Bxb5 f4 ({RR} 17... e5 18. f3 Be6 19. Rfe1 ({RR} 19. a4 Na5) 19... e4) 18. f3 e5 19. Rfe1 Bd7 20. a4 ({RR} 20. Bxc6 Bxc6 21. Qxe5 Qf7 ({RR} 21... Qxe5 22. Rxe5 Rad8) 22. Qe6 Rad8 23. Qxf7+ Rxf7 24. Re2 g5) 20... Kh8 21. Rad1 ({RR} 21. Bxc6 Bxc6 22. Qxe5 Qxe5 23. Rxe5 Rxa4 24. Rxa4 Bxa4 25. Re4 ({RR} 25. h4 Bc6 26. Rc5 h6) 25... Bc6 26. Rxf4 Rxf4 27. Bxf4 Kg8) 21... Rae8 ({RR} 21... h6 22. Bc1 Bf5 23. Ba3 Rf6) 22. Bc1 e4 23. fxe4 Ne5 24. Bxd7 Nxd7 25. Rf1 {Carlsen,M (2875)-Anand,V (2767) Stavanger 2019 CBM 191 [Lupulescu,Constantin] ½-½ (58)}) ({RR} 10... Nxe4 11. Qd4 O-O 12. Qxe4 a6 13. Be7 axb5 14. Bb4 Qc7 15. Bxf8 Kxf8 16. Bb3 Qxc3+ 17. Ke2 Qb2+ 18. Ke3 Qc3+ 19. Ke2 Qb2+ 20. Ke3 Qc3+ 21. Ke2 Qb2+ {½-½ (21) Tryggestad,A (2233)-Kistrup,N (2339) Gothenburg SWE 2023}) ({RR} 10... Nxe4 11. Bf4 O-O 12. O-O Bd7 ({RR} 12... Nd7 13. Re1 ({RR} 13. Nc7 e5 14. Nxa8 exf4) 13... Ndf6 14. a4 ({RR} 14. Bc7 b6 15. Qd4 Ba6 16. a4 Bxb5 17. Bxb5 Qxc3 18. Qxc3 Nxc3 19. Ba6 Ncd5) 14... b6 15. f3 Nc5 16. Be5 a6 17. Nd6 Ncd7 18. Bd4 Qh5 19. Rb1) ({RR} 12... Nc6 13. Qf3 ({RR} 13. Bc7 b6 14. Qf3 ({RR} 14. a4) 14... f5 15. Rfe1 a6) 13... e5 14. Qxe4 exf4 15. Rfe1 Be6 16. Bxe6 Qxb5 17. Bd5) 13. a4 ({RR} 13. Bc7 b6 14. a4 a6 15. Ra2 axb5 16. axb5 Qxc3 17. Rxa8 Qxc4 18. Bd6 ({RR} 18. Bxb8 Bxb5 19. Re1 Bc6) 18... Nxd6 19. Qxd6 Qd5) ({RR} 13. Nc7 e5 14. Nxa8 exf4 15. Qd5 Nc5) 13... Bc6 ({RR} 13... Bxb5 14. axb5 Qxc3 15. Qe2) 14. Bc7 ({RR} 14. Qg4 Nf6 15. Qe2 a6 16. Nc7 Ra7 17. Qe3 b6 18. Nxe6 Nd5 19. Qg3 fxe6 20. Bxb8) ({RR} 14. f3 Bxb5 15. axb5 Qb6+ 16. Qd4 Qxd4+ 17. cxd4 Nf6) ({RR} 14. Qd4 Na6) ({RR} 14. Be5 Nd7 15. Bc7 b6) 14... b6 15. Bd6 Nxd6 16. Qxd6 a6 17. Nc7 Qg5 ({RR} 17... Ra7 18. Nxe6 fxe6 19. Bxe6+ Raf7 20. Rab1) 18. Qg3 ({RR} 18. g3 Qf6 19. f3 Ra7) 18... Qxg3 19. fxg3 Ra7 20. Nxe6 Rc8 ({RR} 20... fxe6 21. Bxe6+ Raf7 ({RR} 21... Rff7 22. Rad1) 22. Rad1 ({RR} 22. Rxf7 Rxf7 23. Rf1 Be8 24. Bxf7+ Bxf7 25. Rd1 Nc6 26. Rb1 b5 27. axb5 Bg6 28. Rb3 axb5 29. Rxb5) 22... Nd7 23. a5 bxa5 24. Rd6 Ba4 ({RR} 24... Bb5 25. c4 Ba4 26. Rxa6) 25. Rxa6) 21. Ng5 Be8 22. Rae1 h6 23. Rxe8+ Rxe8 24. Rxf7 ({RR} 24. Bxf7+ Rxf7 25. Nxf7 Re3 ({RR} 25... Re6 26. Nd8 Rd6 27. Nf7 Re6 ({RR} 27... Rc6 28. Ne5 Rxc3 29. Rb1)) 26. c4 Nd7 27. Nd6 Nc5) 24... Rxf7 25. Bxf7+ {Karpov,A (2693)-Aronian,L (2649) Hoogeveen 2003 CBM 098 [Ribli,Zoltan] ½-½ (41)}) 11. Nd6+ Ke7 12. Qd2 Bc6 13. f4 $146 ({RR} 13. O-O Rd8 14. Rfd1 Nbd7 15. Rab1 Ne5 16. Nxb7 Rxd2 17. Nxa5 Rxd1+ 18. Rxd1 Bxe4 19. Bf1 Rc8 20. c4 Ned7 21. f3 Bg6 22. Bc1 Nc5 23. Ba3 Ke8 24. Rd6 Nfd7 25. Nb3 Bb1 26. Nxc5 Nxc5 27. Rd2 Bg6 {Miton,K (2629)-Petkov,V (2513) Skanderborg 2010 ½-½ (49)}) 13... Nbd7 14. Rd1 $1 (14. e5 $2 Nxe5 15. fxe5 Qxe5+) (14. O-O-O Kf8 $13) 14... Rhd8 15. Qd4 $1 (15. e5 $2 Nxe5 $1) 15... h6 16. Bh4 Qh5 (16... g5 $5) 17. Bf2 Kf8 18. e5 Nd5 $6 (18... Ng4 19. Be2 $1 $16) (18... Bxg2 $2 19. Rg1 $18) (18... Ne8 $5) 19. O-O Qg4 $2 20. h3 $1 Qh5 (20... Qxf4 $2 21. Nxf7 $1 Qxf7 22. Bxd5 Bxd5 23. Bh4 Nf6 24. Bxf6 $18) 21. f5 $1 Kg8 22. Rd3 $1 (22. Nxf7 Qxf7 23. fxe6 Qxe6 24. Bxd5 Bxd5 25. Qxd5 Qxd5 26. Rxd5 $16) 22... N7b6 23. Bxd5 Bxd5 24. Rg3 Rd7 (24... exf5 25. e6) (24... Bc4 25. Re1 $16) 25. Be3 Bc4 26. Rf4 f6 $6 27. exf6 e5 28. Qxe5 Qd1+ 29. Kh2 Qxd6 30. f7+ $1 Kxf7 31. Qxg7+ Ke8 32. Qh8+ Ke7 (32... Qf8 33. Re4+ Re7 34. Rxe7+ Kxe7 35. Bc5+ $18) 33. Re4+ 1-0

[Event "FIDE-Wch"]
[Site "NED/INA"]
[Date "1993.??.??"]
[Round "8"]
[White "Karpov, Anatoly"]
[Black "Timman, Jan H"]
[Result "1/2-1/2"]
[WhiteElo "2760"]
[BlackElo "2620"]
[Annotator "Ftacnik,Lubomir"]
[PlyCount "55"]
[EventDate "1993.09.??"]
[EventType "match"]
[EventRounds "21"]
[EventCountry "NED"]
[SourceTitle "CBM 036"]
[Source "ChessBase"]
[SourceDate "1993.10.01"]
[SourceVersion "1"]
[SourceVersionDate "1993.10.01"]
[SourceQuality "1"]

1. d4 Nf6 2. c4 e6 3. Nf3 d5 4. Nc3 dxc4 5. e4 Bb4 6. Bg5 c5 7. Bxc4 cxd4 8. Nxd4 Bxc3+ 9. bxc3 Qa5 10. Nb5 Nxe4 $5 $146 11. Qd4 O-O $1 (11... Nxg5 12. Qxg7 Rf8 (12... Nf3+ 13. gxf3 Rf8 14. Rd1 $18) 13. Qxg5 Nc6 14. Rd1 $18) 12. Qxe4 a6 13. Be7 (13. Bd3 f5 14. Qb4 axb5 15. Qxa5 Rxa5 16. Be7 Re8 17. Bb4 Ra8 18. Bxb5 Nc6 $10) 13... axb5 14. Bb4 (14. Bxf8 Qxc3+ 15. Ke2 bxc4 16. Bd6 Nc6 $44) 14... Qc7 15. Bxb5 (15. Bxf8 Kxf8 16. Bd3 Qxc3+ 17. Ke2 Qb2+ $44) 15... Bd7 16. Bd3 (16. Bxd7 Nxd7 17. Bxf8 Qxc3+ 18. Ke2 Qb2+ 19. Kf3 Nxf8 $40) 16... g6 (16... f5 17. Qd4 Rd8 $132) 17. O-O (17. Bxf8 Qxc3+ 18. Ke2 Qb2+ 19. Ke3 Ra4 $17) 17... Re8 18. Qe3 (18. c4 Nc6 19. Bc3 e5 $13) 18... Nc6 19. Bc5 Ne7 20. Be4 $146 (20. Bd4 Nd5 21. Qe5 (21. Qf3 Bc6 { e5}) 21... Qxe5 22. Bxe5 f6 $10) ({RR} 20. Bb6 Qxc3 21. Bd4 Qa5 22. Rac1 e5 23. Qxe5 Qxe5 24. Bxe5 Nd5 25. Ba1 Nf4 26. Rc7 Be6 27. Bc4 Nd5 28. Bxd5 Bxd5 29. Rd7 Bc4 30. Rfd1 Be2 31. Rc1 b5 32. Rd4 Bc4 33. f3 Bxa2 34. Kf2 Ra6 {Sturua,Z (2594)-Horvath,J (2558) Bern 2000 ½-½ (37)}) 20... Nf5 21. Bxf5 exf5 22. Qd4 Re4 23. Qd6 Qxd6 24. Bxd6 f6 25. f3 Re2 26. Rf2 Rae8 27. a4 $1 Re1+ 28. Rf1 1/2-1/2